Cómo triunfar de las mujeres sin proponérselo / (Record no. 101516)

MARC details
000 -LEADER
campo de control de longitud fija 00668nam a2200205 i 4500
001 - NÚMERO DE CONTROL
campo de control 101516
003 - IDENTIFICADOR DE NÚMERO DE CONTROL
campo de control ES-MaACL
005 - FECHA Y HORA DE LA ÚLTIMA TRANSACCIÓN
campo de control 20250822100421.0
007 - CAMPO FIJO DE DESCRIPCIÓN FÍSICA--INFORMACIÓN GENERAL
campo de control de longitud fija t|
008 - DATOS DE LONGITUD FIJA--INFORMACIÓN GENERAL
campo de control de longitud fija 051019s1960 sp ||||1| spa d
100 1# - ENTRADA PRINCIPAL--NOMBRE DE PERSONA
Nombre de persona Mead, Shepherd.
9 (RLIN) 79622
245 10 - MENCIÓN DEL TÍTULO
Título Cómo triunfar de las mujeres sin proponérselo /
Mención de responsabilidad, etc. Shepherd Mead ; [traducción de Carlos Paytuvi].
260 ## - PUBLICACIÓN, DISTRIBUCIÓN, ETC.
Lugar de publicación, distribución, etc. Barcelona :
Nombre del editor, distribuidor, etc. G.P.,
Fecha de publicación, distribución, etc. 1960.
300 ## - DESCRIPCIÓN FÍSICA
Extensión 128 p. ;
Dimensiones 17 cm.
490 1# - MENCIÓN DE SERIE
Mención de serie Libros de humor "El Gorrión" ;
Designación de volumen o secuencia 71
700 1# - ENTRADA AGREGADA--NOMBRE PERSONAL
Nombre de persona Paytuví de Sierra, Carlos.
9 (RLIN) 89742
830 10 - PUNTO DE ACCESO ADICIONAL DE SERIE-TÍTULO UNIFORME
Título uniforme Libros de humor "El Gorrión"
Designación de volumen o secuencia 71
9 (RLIN) 181844
852 4# - LOCALIZACIÓN
Ubicación ES-MaACL
Número de control de estantería C-17183
Holdings
Estatus retirado Estado de pérdida Estado de daño No para préstamo Biblioteca de origen Biblioteca actual Ubicación en estantería Fecha de adquisición Fuente de adquisición Total de préstamos Signatura topográfica completa Código de barras Visto por última vez Precio de reemplazo Tipo de ítem Koha
        Biblioteca del Ateneo de Madrid Biblioteca del Ateneo de Madrid Galería 17/01/2008     C-17183 1105983 23/02/2023 23/02/2023 Libro impreso